| 000 | 01067nac a22003497a 4500 | ||
|---|---|---|---|
| 001 | BR9206306 | ||
| 003 | BR-BrBNA | ||
| 005 | 20240105121241.0 | ||
| 008 | 230509b bl.|||m| |||| 00| 0 por d | ||
| 040 |
_aBR-BrBNA _bpor _cBiblioteca Nacional de Agricultura |
||
| 072 | _aH20 | ||
| 090 | _a1410 BR9206306 | ||
| 100 | 1 | _aCardoso, J.E. | |
| 110 | 1 | _aCentro Nacional de Pesquisa em Arroz e Feijao, Goiania, GO (Brasil) | |
| 245 | 1 | _aDoencas do feijoeiro causadas por patogenos de solo | |
| 260 | 3 |
_aGoiania, GO (Brasil): _c1990. |
|
| 300 | _a30 p. | ||
| 490 |
_aDocumentos - Centro Nacional de Pesquisa em Arroz e Feijao (Brazil) _vno. 30 _xISSN 0101-9716 |
||
| 500 | _a7 ref.; 11 illus. | ||
| 650 | _aFEIJAO | ||
| 650 | _aFEIJAO DE CORDA | ||
| 650 | _aPODRIDAO RADICULAR | ||
| 650 | _aPODRIDAO DO COLO | ||
| 650 | _aPODRIDAO CINZENTA | ||
| 650 | _aMELA | ||
| 650 | _aMOFO BRANCO | ||
| 650 | _aMURCHA DE FUSARIUM | ||
| 650 | _aGALHA | ||
| 650 | _aCONTROLE QUIMICO | ||
| 909 |
_a202312 _bLúcia Elande _c55 _dLúcia Elande |
||
| 942 |
_2AGRIS _n0 _cMS |
||
| 999 |
_c284200 _d284200 |
||